Vista normal
Vista MARC
Entrada Nombre corporativo
Número de registros utilizados en: 6
001 - NÚMERO DE CONTROL
- campo de control: 134440
003 - IDENTIFICADOR DE NÚMERO DE CONTROL
- campo de control: mxcmmo
005 - FECHA Y HORA DE LA ÚLTIMA TRANSACCIÓN
- campo de control: 20241018041052.0
008 - ELEMENTOS DE DATO DE LONGITUD-FIJA
- campo de control de longitud fija: 241018|| aca||aabn | a|a d
040 ## - FUENTE DE CATALOGACIÓN
- Centro catalogador/agencia de origen: mxcmmo
- Centro/agencia transcriptor: mxcmmo
110 ## - ENCABEZAMIENTO-NOMBRE DE ENTIDAD CORPORATIVA
- Nombre de entidad corporativa o nombre de jurisdicción como elemento de entrada: Instituto Federal Electoral (México)
- Unidad subordinada: Secretaría del Consejo General
670 ## - FUENTE DE DATOS ENCONTRADOS
- Cita de la fuente: Work cat.: (mxcmmo)77599: Instituto Federal Electoral (México) Consejo General Comisión de Radiodifusión autor 134437, [Primer] Informe que presenta la Comisión de Radiodifusión al Consejo General del Instituto Federal Electoral con relación a los resultados del monitoreo en los espacios noticiosos de los medios de comunicación en las entidades federativas de la República Mexicana correspondiente al primer mes de campaña